00533nam a22001457a 4500003000400000082001800004100001700022245014700039260002500186300000700211653003300218942001200251952010700263999001700370SGT a617.525bE26P aPal, Supayan aEvaluation of adjunctive effect of low-level laser theraphy on pain, swelling and trismus after surgical removal of impacted lower third molar aGurugrambSGTUc2026 a76 aOral & Maxillofacial Surgery 2ddccTH 00102ddc4071aFDbFDcREFd2026-04-11l0o617.525 E26PpDT2677r2026-04-11 00:00:00w2026-04-11yTH c34621d34621